Picar piedra. Iniciativas ciudadanas frente a la violencia.

Guardado en:
Detalles Bibliográficos
Autor principal: Spiller, Ingrid coord, (autor)
Otros autores: Aguirre Reveles, Rodolfo coord (autor) coord, (autor)
Formato: Libro
Idioma:Español
Temas:
Acceso en línea:Ver documento en línea
Etiquetas: Agrega una etiqueta
Sin etiquetas, Sé el primero en etiquetar este registro!

MARC

LEADER 00000nam^a2200000^u^4500
001 000525934
005 20251023000000.0
008 130515s10001000^^^^cr^^r^^^^^000^0^spa^d
009 20260310130658.164
022 |a 9786079603106 
035 |a FCE 000070179 
037 |a Acervo ITESO - Biblioteca 
041 |a spa 
082 0 4 |a 303.6  |b SPIp 
100 |a Spiller, Ingrid  |e coord  |e (autor) 
245 1 0 |a Picar piedra.  |b Iniciativas ciudadanas frente a la violencia. 
264 |a México:  |b Fundación Heinrich Böll Stiftung,  |c 2013. 
300 |a 220 p. 
336 |a texto  |b txt  |2 rdacontenido 
337 |a sin mediación  |b n  |2 rdamedio 
338 |a volumen  |b nc  |2 rdasoporte 
649 |a XX 
650 |a Cultura 
650 |a Ciudadanía 
650 |a Sociedad civil 
650 |a Género 
650 |a Ética 
650 |a Testimonios 
650 |a Prevención de la violencia 
700 |a Aguirre Reveles, Rodolfo  |e coord  |e (autor) 
856 4 0 |u https://www.mx.boell.org/downloads/picarpiedraweb-FINAL.pdf  |y Ver documento en línea 
910 |a Fondo Centro de Estudios Educativos 
920 |a Impresos - Libros 
930 |a Fondos Especiales 
905 |a 133 
901 |a ALE073836  |b IT2  |c CEE  |u 20250521 
902 |a https://opac.biblio.iteso.mx/vufind/Record/000525934